000 00311nam a22001337a 4500
008 170828b xxu||||| |||| 00| 0 eng d
020 _a9780805829167
041 _aeng
080 _a070
100 _a39
101 _aMED
245 _aWXPLORING MASS MEDIA FOR A CHANGING
_cHIEBERT.E
942 _2udc
_cBK
999 _c25197
_d25197